Chanteurs et chanteuses des années 1950 par images #2 - Statistiques

Statistiques générales
  • Ce quiz a été pris 53 fois
  • Le résultat moyen est 4 sur 16
Statistiques - réponses
Par images Réponse % Correct
Line Renaud
97%
Dario Moreno
43%
Guy Béart
43%
Gilbert Bécaud
40%
Dean Martin
31%
The Platters
31%
Little Richard
17%
Eddie Cochran
14%
Fats Domino
14%
Bill Haley & His Comets
11%
Paul Anka
11%
The Chordettes
3%
The Everly Brothers
3%
Bobby Darin
0%
Dinah Washington
0%
Perry Como
0%
Aucun quiz correspondant
Distribution des résultats
% des personnes avec chaque résultat
Percentile par nombre de réponses
Votre historique - résultats
Vous n’avez pas pris ce quiz